000 00899nam0a22002651 4500
001 rc\3981025
005 20130415122115.7
021 _aRU
_b[57-12513]
035 _a(NLR Aleph) 008061439
090 _a9005330
_c9005330
100 _a20130415d1956 |||y0rusy50 ca
101 0 _arus
102 _aRU
105 _aa z |||||
200 1 _aДизентерия и мероприятия по ее предупреждению
_fКуйбышевский обл. дом сан. просвещения
210 _aКуйбышев
_cБ. и.
_d1956
215 _a38 с.
_cил.
_d20
300 _aПеред загл авт.: И.Ф. Пичкур, канд. мед. наук
606 _aДизентерия
_2psbo
700 1 _aПичкур
_bИ. Ф.
_gИван Федорович
801 0 _aRU
_bNLR
_gpsbo
801 1 _aRU
_bELAR
_2rusmarc
852 _aNLR
_j57-4/3580
942 _cBOOK
980 _aNB